| 000 | 01013cam a2200313 a 4500 | ||
|---|---|---|---|
| 001 | 16049549 | ||
| 005 | 20160728115134.0 | ||
| 008 | 100111s2011 maua 000 0 eng | ||
| 010 | _a 2010920412 | ||
| 020 | _a0312601603 (alk. paper) | ||
| 020 | _a9780312601607 (alk. paper) | ||
| 040 |
_aDLC _cDLC |
||
| 042 | _apcc | ||
| 050 | 0 | 0 |
_aPE1431 _b.C75 2011 |
| 082 |
_222 _a370.152 _bBAR |
||
| 245 | 0 | 0 |
_aCritical Thinking, Reading, and Writing : _bA Brief Guide to Argument / _cSylvan Barnet, Hugo Bedau. |
| 250 | _a7th ed. | ||
| 260 |
_aBoston, MA : _bBedford/St. Martins, 2011 _c2011. |
||
| 300 |
_axxiv, 561 p. : _bill ; _c23 cm. |
||
| 650 | 0 |
_aEnglish language _xRhetoric. _924404 |
|
| 650 | 0 |
_aCritical thinking. _924406 |
|
| 650 | 0 |
_aReasoning. _924407 |
|
| 653 |
_bENG _bGeneral _cMay2011 |
||
| 650 | 0 |
_924405 _aPersuasion (Rhetoric) |
|
| 700 | 1 |
_aBarnet, Sylvan. _924408 |
|
| 700 | 1 |
_aBedau, Hugo Adam. _924409 |
|
| 942 |
_2ddc _cBB |
||
| 999 |
_c15464 _d15464 |
||